000
00259nam a22001097a 4500
082
_a
669.142 GRI'T
100
_a
GRINTER, LINTON E
_9
35973
245
_a
THEORY OF MODERN STEEL STRUCTURE
260
_a
1962
_b
MACMILLAN
_c
NEWYORK
300
_a
VOL-1
942
_c
BK
999
_c
582455
_d
582455